Alabama First Round Picks Under Nick Saban - Statistics

General Stats
  • This quiz has been taken 51 times
    27 since last reset
  • The average score is 24 of 47
Answer Stats
Hint Answer % Correct
2021 Philadelphia Eagles Pick 10 WR DeVonta Smith
96%
2011 Atlanta Falcons Pick 6 WR Julio Jones
88%
2021 New England Patriots Pick 15 QB Mac Jones
88%
2021 Pittsburgh Steelers Pick 24 RB Najee Harris
88%
2020 Miami Dolphins Pick 5 QB Tua Tagovailoa
88%
2009 Cincinnati Bengals Pick 6 OT Andre Smith
84%
2020 Denver Broncos Pick 15 WR Jerry Jeudy
80%
2020 Las Vegas Raiders Pick 12 WR Henry Ruggs
76%
2022 Detroit Lions Pick 12 WR Jameson Williams
76%
2021 Miami Dolphins Pick 6 WR Jaylen Waddle
76%
2021 Denver Broncos Pick 9 CB Patrick Surtain
76%
2023 Carolina Panthers Pick 1 QB Bryce Young
72%
2019 Oakland Raiders Pick 24 RB Josh Jacobs
72%
2019 New York Jets Pick 3 DT Quinnen Williams
72%
2023 Houston Texans Pick 3 LB Will Anderson
72%
2023 Detroit Lions Pick 12 RB Jahmyr Gibbs
68%
2019 Cincinnati Bengals Pick 11 OT Jonah Williams
68%
2018 Miami Dolphins Pick 13 S Minkah Fitzpatrick
64%
2021 Las Vegas Raiders Pick 17 OT Alex Leatherwood
56%
2015 Oakland Raiders Pick 4 WR Amari Cooper
56%
2018 Atlanra Falcons Pick 26 WR Calvin Ridley
56%
2018 Washington Redskins Pick 15 DT Daron Payne
56%
2017 Washington Redskins Pick 17 DL Johnathan Allen
56%
2022 New York Giants Pick 7 OT Evan Neal
48%
2014 Green Bay Packers Pick 21 S Ha Ha Clinton-Dix
48%
2014 Baltimore Ravens Pick 17 LB CJ Mosley
44%
2011 New Orleans Saints Pick 28 RB Mark Ingram
44%
2017 Baltimore Ravens Pick 16 CB Marlon Humphrey
40%
2017 Tampa Bay Buccaneers Pick 19 TE OJ Howard
40%
2012 Cleveland Browns Pick 3 RB Trent Richardson
40%
2011 Buffalo Bills Pick 3 DT Marcell Dareus
36%
2016 Indianapolis Colts Pick 18 C Ryan Kelly
36%
2024 Minnesota Vikings Pick 17 DE Dallas Turner
32%
2012 New England Patriots Pick 25 LB Dont'a Hightower
32%
2020 Cleveland Browns Pick 10 OT Jedrick Wills
28%
2018 Tennessee Titans Pick 22 LB Rashaan Evans
28%
2017 San Francisco 49ers Pick 31 LB Reuben Foster
28%
2012 Cincinnati Bengals Pick 17 CB Dre Kirkpatrick
24%
2024 Tennessee Titans Pick 7 OT JC Latham
24%
2010 Houston Texans Pick 20 CB Kareem Jackson
24%
2012 Tampa Bay Buccaneers Pick 7 S Mark Barron
24%
2010 Oakland Raiders Pick 8 LB Rolando Mcclain
24%
2013 Tennessee Titans Pick 10 OG Chance Warmack
20%
2013 New York Jets Pick 9 CB Dee Milliner
20%
2011 Seattle Seahawks Pick 25 OT James Carpenter
16%
2013 San Diego Chargers Pick 11 OG DJ Fluker
12%
2024 Detroit Lions Pick 24 CB Terron Arnold
4%
No matching quizzes found
Score Distribution
Percent of People with Each Score
Percentile by Number Answered
Your Score History
You have not taken this quiz since the last reset